Valtiot, joiden nimessä on C - Statistics

Yleistilastot
  • Tätä visaa on pelattu 2 215 kertaa
  • Keskiarvotulos 6 / 11
Vastaustilastot
valtio % Oikein
Chile
82%
Costa Rica
70%
Ecuador
61%
Nicaragua
55%
Saint Lucia
51%
Seychellit
51%
Saint Vincent ja Grenadiinit
50%
Dominica
49%
Liechtenstein
47%
Monaco
45%
São Tomé ja Príncipe
32%
Ehtoja vastaavia visoja ei löytynyt
Tulosjakauma
Jokaisen tuloksen saaneiden osuus
Persentiili vastausten määrän mukaan
Tuloshistoriasi
Et ole pelannut tätä visaa